| 000 | 00620nam a2200229 a 4500 | ||
|---|---|---|---|
| 005 | 20210219152907.0 | ||
| 008 | 991125n 000 0 spa u | ||
| 035 | _aUPN01000065932 | ||
| 100 | 1 | _aPiquin, Rosa | |
| 222 | _aEDUCACION Y BIBLIOTECA : | ||
| 222 | _bREVISTA MENSUAL DE DOCUMENTACION Y RECURSOS DIDACTICOS | ||
| 245 | _aEl Bebetrén : Oviedo | ||
| 260 | _aMadrid, España | ||
| 300 | _a22-23 | ||
| 362 | 0 | _a1996 Año 8, no. 73, nov. | |
| 653 | 0 | _aBIBLIOTECA ESCOLAR | |
| 653 | 0 | _aFOMENTO A LA LECTURA | |
| 700 | 1 | _aVeiga, Chelo, | |
| 700 | 1 | _ecoaut. | |
| 904 |
_aAC _b003743 |
||
| 905 | _aArticulo | ||
| 999 |
_c63207 _d63207 |
||